[Event "Wch U16 Girls"]
[Site "Mamaia"]
[Date "2022.09.06"]
[Round "1"]
[White "Kumar, Asha"]
[Black "Nadzamova, Viktoria"]
[Result "1/2-1/2"]
[WhiteElo "1675"]
[BlackElo "2082"]
[PlyCount "174"]
[EventDate "2022.09.06"]
[EventType "swiss"]
[EventRounds "11"]
[EventCountry "ROU"]
[SourceTitle "CBM 210 Extra"]
[Source "ChessBase"]
[SourceDate "2022.11.30"]
[SourceVersion "1"]
[SourceVersionDate "2022.11.30"]
[SourceQuality "1"]

1. d4 Nf6 2. c4 e6 3. Nc3 d5 4. Bg5 Be7 5. e3 a6 6. c5 0-0 7. Bd3 Nc6 8. Nf3 h6 9. Bh4 b6 10. cxb6 cxb6 11. a3 Bb7 12. 0-0 Rc8 13. Qe2 b5 14. Na2 Na5 15. Nc1 Nc4 16. b4 a5 17. Bxf6 Bxf6 18. Nb3 a4 19. Nc5 Bc6 20. Rfd1 Re8 21. Bb1 Qc7 22. Nd3 Re7 23. Qc2 g6 24. Qc3 Qb7 25. Nfe5 Nxe5 26. dxe5 Bg7 27. Nc5 Qa8 28. Qd4 Be8 29. Ra2 Rec7 30. e4 Bc6 31. Rad2 Bf8 32. exd5 Bxd5 33. Ne4 Rc4 34. Nf6+ Kg7 35. Qe3 Rc3 36. Rd3 Rxd3 37. Bxd3 Bb3 38. Rc1 Rxc1+ 39. Qxc1 Qb7 40. Qf1 Be7 41. Ne8+ Kf8 42. Bxb5 Qe4 43. Nf6 Bxf6 44. exf6 Qd4 45. Qc1 Qxf6 46. Qxh6+ Kg8 47. Qc1 Qe5 48. Bc6 Qc7 49. h3 Qb6 50. b5 Kf8 51. Qd2 Kg7 52. Qc3+ Kg8 53. Bd7 Bd5 54. Bc6 Bb3 55. Qe3 Qd8 56. g3 Qd1+ 57. Kh2 Qd6 58. Qc1 Qd4 59. Kg1 Kg7 60. Bg2 Kh7 61. Qf4 Qa1+ 62. Kh2 e5 63. Qh4+ Kg7 64. Qe7 Qd4 65. Qc7 Qxf2 66. Qxe5+ Kh7 67. Qd6 Bc4 68. Qc6 Bf1 69. Qf3 Qxf3 70. Bxf3 Bxb5 71. Kg2 Kg7 72. Kf2 Kf6 73. Be2 Bd7 74. g4 g5 75. Bc4 Be8 76. Ke3 Ke5 77. Ba2 f6 78. Bc4 Bc6 79. Bf1 Bd7 80. Bd3 Bc6 81. Bf1 Bd5 82. Bb5 Bb3 83. Be8 Bc2 84. Kd2 Bb3 85. Ke3 Bc2 86. Kd2 Bb3 87. Ke3 Bc2 1/2-1/2

[Event "Charlotte Spring Classic"]
[Site "Charlotte"]
[Date "2021.03.27"]
[Round "2"]
[White "Kumar, Asha"]
[Black "Wu, Derek"]
[Result "0-1"]
[WhiteElo "1643"]
[BlackElo "2190"]
[PlyCount "98"]
[EventDate "2021.03.26"]
[EventType "game"]
[EventRounds "5"]
[EventCountry "USA"]
[SourceTitle "CBM 201 Extra"]
[Source "ChessBase"]
[SourceDate "2021.05.31"]
[SourceVersion "1"]
[SourceVersionDate "2021.05.31"]
[SourceQuality "1"]

1. d4 Nf6 2. c4 g6 3. Nc3 Bg7 4. e4 d6 5. Nf3 0-0 6. Be2 e5 7. 0-0 exd4 8. Nxd4 Re8 9. f3 c6 10. Nc2 Na6 11. Bf4 Nh5 12. Bxd6 Qb6+ 13. Kh1 Qxb2 14. Na4 Qf6 15. c5 Nf4 16. Bxa6 bxa6 17. Qd2 g5 18. Rae1 Be6 19. Nb4 Bc4 20. Rf2 Bb5 21. e5 Qf5 22. g4 Qe6 23. Nc3 Rac8 24. Nxb5 axb5 25. Re4 Qg6 26. Nd3 Nd5 27. Rfe2 h5 28. h3 Re6 29. Rg2 h4 30. Rge2 Bh6 31. Re1 Rce8 32. Qa5 f5 33. Rd4 fxg4 34. fxg4 Qf7 35. Kg2 Bf8 36. Qd2 Qg6 37. Rf1 Bg7 38. Rf5 Bh6 39. Qf2 a5 40. a3 Ra8 41. Rxd5 cxd5 42. c6 Bg7 43. Nc5 Rxd6 44. exd6 Qxd6 45. Rxg5 Qxc6 46. Qb2 d4+ 47. Kg1 Qf6 48. Ne4 Qe7 49. Qxd4 Qxg5 0-1